000 00667nam a2200241 a 4500
001 nice12345678
003 IN_TiNIC
005 20260116014530.0
008 110804s2011 dela grp 000 0 eng
020 _a9788178242989
_c695
082 0 0 _a294.577
_bCHA
100 _aChakraborty, Chandrima
245 _aMasculinity, Asceticism, Hinduism
_b Past and Present Imaginings of India
260 _aDelhi
_bPermanent Black
_c2011
300 _a263p
500 _aincludes index and biblioraphy
505 2 _aBibliography, Index
650 _aHinduism and Politics
700 1 _aChakraborty, Chandrima
902 _bSRS
942 _cBK
999 _c15821
_d15821